Riverdale Characters by Picture Quiz Stats

 Plays Quiz Updated Mar 9, 2019

Support Sporcle.
Go Orange.
Score 0/20 Timer 04:00
3 Plays Today
Hint Answer % Correct
Archie Andrews
99.2%
Betty Cooper
98.9%
Jughead Jones
98.6%
Veronica Lodge
98.2%
Cheryl Blossom
93.3%
Josie McCoy
89.5%
Fred Andrews
88.5%
Kevin Keller
88.4%
Alice Cooper
86.8%
Hermione Lodge
84.3%
Hint Answer % Correct
FP Jones
83.2%
Toni Topaz
82.5%
Reggie Mantle
82.4%
Hiram Lodge
82.3%
Hal Cooper
80.3%
Chic
77.5%
Ethel Muggs
73.7%
Penny Peabody
67.5%
Penelope Blossom
67.1%
Dilton Doiley
60.2%

You're not logged in!

Compare scores with friends on all Sporcle quizzes.
OR
Log In

From the Vault

Remove Ads.
Support Sporcle.
Get the best of Sporcle when you Go Orange. This ad-free experience offers more features, more stats, and more fun while also helping to support Sporcle. Thank you for becoming a member.

Show Comments

Extras

Top Quizzes Today


Score Distribution

Your Account Isn't Verified!

In order to create a playlist on Sporcle, you need to verify the email address you used during registration. Go to your Sporcle Settings to finish the process.

Report this User

Report this user for behavior that violates our Community Guidelines.

Details: